000 00698nam a2200289Ia 4500
005 20260324124401.0
008 008 260324s9999 xx 000 0 eng d
020 _a9781849774918
037 _aEBOOK
040 _aCRL
040 _beng
040 _cCRL
041 _2eng
041 _aeng
084 _qCRL
100 _aDanny Harvey
_91173947
245 0 _aEnergy and the New Reality 1
245 0 _bEnergy Efficiency and the Demand for Energy Services
260 _bTaylor and Francis
260 _c2010
365 _a
365 _b300
856 _uhttp://www.taylorfrancis.com/books/9781849774918
942 _cEBOOK
999 _c1768274
_d1768274